Culture Générale - Série 2176 - Statistiques

Statistiques générales
  • Ce quiz a été pris 107 fois
  • Le résultat moyen est 5 sur 10
Statistiques - réponses
Question Réponse % Correct
On dit de quelqu'un qui est recherché par la Police, qu'il est en .... cavale
82%
Comment s'appelle le mâle de l'oie ? jars
75%
Quelle actrice, prénommée Léa, incarne "Madeleine Swann" dans le film "Mourir peut attendre" avec Daniel Craig dans le rôle de James Bond ? voir photo Léa Seydoux
70%
La mer d'Aral est partagée entre l'Ouzbékistan et le .... Kazakhstan
62%
Dans quel pays d'Europe se trouve la ville d'Oulu ? Finlande
46%
Au jeu de cartes "la belote", l'équipe qui ne remporte aucun pli est dite .... capot
45%
Dans la mythologie égyptienne, qui est le dieu des morts ? Anubis
35%
De quel pays est originaire le sarod ou sarode (sorte de luth) ? Inde
27%
En astronomie, quel est l'opposé du zénith ? nadir
20%
Pièce musicale instrumentale de composition très libre et d'inspiration populaire (les hongroises de Liszt sont célèbres) rhapsodie
20%
Aucun quiz correspondant
Distribution des résultats
% des personnes avec chaque résultat
Percentile par nombre de réponses
Votre historique - résultats
Vous n’avez pas pris ce quiz